TOP 10 reprezentacji według rankingu FIFA - Statystyki

Ogólne statystyki
  • Ten quiz został rozwiązany 74 razy
  • Średni wynik to 9 z 10
Statystyki odpowiedzi
# Reprezentacja % Poprawnych
3 Hiszpania
100%
1 Argentyna
99%
5 Brazylia
99%
2 Francja
99%
10 Niemcy
96%
9 Włochy
93%
8 Belgia
90%
6 Portugalia
90%
7 Holandia
87%
4 Anglia
81%
Nie znaleziono quizów pasujących do podanych kryteriów
Rozkład punktacji
Procent ludzi z każdym wynikiem
Percentyl według liczby udzielonych odpowiedzi
Twoja historia wyników
Nie rozwiązałeś tego quizu